| 000 | 03835nkm0a2200553 4500 | ||
|---|---|---|---|
| 001 | RU\NLR\BIBL_A\010472575 | ||
| 005 | 20260531091836.0 | ||
| 035 | _a(NLR Aleph) 010472575 | ||
| 090 |
_a13713566 _c13713566 |
||
| 100 | _a20141006f18701879u y0rusy50 ca | ||
| 101 | 0 | _arus | |
| 102 | _aRU | ||
| 116 | _afiybxx xx zz | ||
| 135 | _acrcn 024anaba | ||
| 181 | 0 |
_ab4 _bxb2e |
|
| 182 | 0 | _an | |
| 200 | 1 |
_aСкит Святого Предтечи, на Предтечинском острове, близ Валаама _e[фотография] |
|
| 203 |
_aИзображение _bнеподвижное _bдвухмерное _bвизуальное _cнепосредственное |
||
| 210 |
_a[Валаам _d187-] |
||
| 215 |
_a1 л. _d14,1х23 |
||
| 316 |
_aЭкз. РНБ на шифре Э ФТ63/3-В150, инв.37481: на паспарту под изобр. рукоп. записи чернилами - источник сведений, ниже запись карандашом рукой В. В. Стасова: "(постройка А. М. Горностаева)". В правом верхнем углу паспарту рукоп. помета карандашом: "1". На паспарту 21х29,9 см _5NLR: Э ФТ63/3-В150 |
||
| 325 | _aКопия доступна в Электрон. б-ке РНБ | ||
| 327 | 0 | _aЦерковь во имя святого Иоанна Предтечи в Предтеченском скиту Спасо-Преображенского Валаамского монастыря | |
| 517 | 1 | _aСкит святого Предтечи, на Предтеченском острове, близ Валаама | |
| 517 | 1 | _aПостройка А. М. Горностаева | |
| 540 | 1 | _aСкит во имя святого Иоанна Предтечи, Валаамский монастырь | |
| 540 | 1 | _aПредтеченский скит, Валаамский монастырь | |
| 601 | 0 | 2 |
_aВалаамский монастырь _jФотографии _92092800 _3RU\NLR\AUTH\661266550 |
| 606 | 1 |
_aФотография художественная русская _z19 в. _92614416 _3RU\NLR\AUTH\661550974 |
|
| 610 | 1 | _aВидовые фотографии | |
| 610 | 1 | _aСкиты | |
| 617 |
_aРоссия _cВыборгская губерния _cСердобольский уезд _eСпасо-Преображенский Валаамский монастырь _eСкит во имя святого Иоанна Предтечи _eЦерковь во имя святого Иоанна Предтечи |
||
| 617 | _mПредтеченский остров | ||
| 686 | 0 | _aЩ163(2Р=Рус)5 | |
| 702 | 1 |
_4060 _7ca _8rus _aСтасов _bВ. В. _f1824-1906 _gВладимир Васильевич _964315 _3RU\NLR\AUTH\7781387 |
|
| 702 | 1 |
_aГорностаев _bА. М. _f1808-1862 _gАлексей Максимович _4060 |
|
| 711 | 0 | 2 |
_aВалаамский монастырь _bСкит во имя святого Иоанна Предтечи _9430754 _3RU\NLR\AUTH\880382244 |
| 712 | 0 | 2 |
_4570 _aЦерковь во имя святого Иоанна Предтечи _cВалаам, Выборгская губ. _9731401 _3RU\NLR\AUTH\880534438 |
| 852 | 0 | 0 |
_aNLR _bЭ _jФТ63/3-В150 _mинв.37481 |
| 856 | 0 | _uhttps://vivaldi.nlr.ru/lh500003129/view | |
| 856 | 1 | _uhttps://vivaldi.nlr.ru/lh500003129/cover | |
| 856 | 2 | _uhttps://vivaldi.nlr.ru/lh500003129/text | |
| 942 | _cVISUAL | ||
| 980 | _aNB | ||
| 981 | 1 | 7 |
_a(17) Изографические материалы _b(17) Фотографии |